[Event "Thessaloniki Vardaris op 7th"]
[Site "Thessaloniki"]
[Date "2024.03.16"]
[Round "4"]
[White "Kamperidis, Charalampos"]
[Black "Bougas, Georgios"]
[Result "0-1"]
[WhiteElo "1743"]
[BlackElo "1901"]
[PlyCount "70"]
[EventDate "2024.03.14"]
[EventType "swiss"]
[EventRounds "7"]
[EventCountry "GRE"]
[SourceTitle "CB13_2024"]
[SourceDate "2024.03.27"]
[SourceVersion "1"]
[SourceVersionDate "2024.03.27"]
[SourceQuality "1"]

1. e4 c5 2. Nf3 e6 3. g3 Nc6 4. Bg2 Nf6 5. Qe2 e5 6. 0-0 Be7 7. c3 0-0 8. Na3 d6 9. d3 Re8 10. Nc4 h6 11. a4 Be6 12. Nfd2 Bf8 13. Ne3 d5 14. exd5 Nxd5 15. Nxd5 Bxd5 16. Be4 Qd7 17. Qf3 Rad8 18. Nc4 g6 19. Ne3 Be6 20. c4 f5 21. Bd5 Nb4 22. Bxe6+ Rxe6 23. Bd2 Nxd3 24. Nd5 e4 25. Qe2 Bg7 26. Bc3 Bxc3 27. bxc3 Qc6 28. Rfd1 Kg7 29. Rab1 Rd7 30. Rd2 Ne5 31. Kg2 Red6 32. Rbd1 Qxa4 33. Nf4 Qc6 34. Rd5 g5 35. Nh5+ Kg6 0-1

[Event "GRE-chT 50th"]
[Site "Nikaia"]
[Date "2023.08.28"]
[Round "5.9"]
[White "Kazantzoglou, Stefanos"]
[Black "Kamperidis, Charalampos"]
[Result "1-0"]
[WhiteElo "1927"]
[BlackElo "1440"]
[PlyCount "115"]
[EventDate "2023.08.25"]
[EventType "team"]
[EventRounds "9"]
[EventCountry "GRE"]
[SourceTitle "EXT 2024"]
[Source "ChessBase"]
[SourceDate "2023.10.10"]
[SourceVersion "1"]
[SourceVersionDate "2023.10.10"]
[SourceQuality "1"]
[WhiteTeam "Irakleiou"]
[BlackTeam "Pneemathlon"]
[WhiteTeamCountry "GRE"]
[BlackTeamCountry "GRE"]

1. e4 c5 2. Nf3 e6 3. b3 a6 4. Bb2 Nc6 5. Bd3 d5 6. exd5 exd5 7. 0-0 Nf6 8. Re1+ Be7 9. Bxf6 gxf6 10. Nh4 Be6 11. Bf5 Qd7 12. Qg4 Nd4 13. Bxe6 fxe6 14. Qh5+ Kd8 15. Na3 Qe8 16. Qxe8+ Rxe8 17. c3 c4 18. b4 f5 19. cxd4 Bxh4 20. Nc2 Bf6 21. f4 Kd7 22. Kf2 a5 23. b5 b6 24. Ke3 h5 25. g3 h4 26. gxh4 Bxh4 27. Rg1 Rg8 28. Raf1 Ke7 29. Na3 Kf7 30. Nb1 Rxg1 31. Rxg1 Rg8 32. Rxg8 Kxg8 33. Nc3 Kf7 34. Ne2 Kg6 35. Ng1 Kh5 36. Nf3 Bf6 37. h3 Bg7 38. Ng5 e5 39. dxe5 Bxe5 40. Ne6 Bf6 41. d4 Kh4 42. Nc7 c3 43. Ne6 Kxh3 44. Kd3 Kg4 45. Kxc3 Be7 46. Nc7 Bb4+ 47. Kd3 Kxf4 48. Nxd5+ Kg3 49. Nxb6 f4 50. Nc4 f3 51. b6 f2 52. Ne3 Kf3 53. b7 Bd6 54. Nf1 a4 55. Nd2+ Kf4 56. Ke2 f1Q+ 57. Kxf1 Ke3 58. Nc4+ 1-0

[Event "GRE-ch U16"]
[Site "Peristeri"]
[Date "2023.07.07"]
[Round "7"]
[White "Triantafyllakis, Dimitrios"]
[Black "Kamperidis, Charalampos"]
[Result "1/2-1/2"]
[WhiteElo "1729"]
[BlackElo "1310"]
[PlyCount "92"]
[EventDate "2023.07.03"]
[EventType "swiss"]
[EventRounds "9"]
[EventCountry "GRE"]
[SourceTitle "EXT 2024"]
[Source "ChessBase"]
[SourceDate "2023.10.10"]
[SourceVersion "1"]
[SourceVersionDate "2023.10.10"]
[SourceQuality "1"]

1. e4 c5 2. Nf3 e6 3. d4 cxd4 4. Nxd4 Nc6 5. Bf4 d6 6. Nxc6 bxc6 7. c4 e5 8. Be3 Nf6 9. Nc3 Be7 10. Be2 0-0 11. 0-0 Be6 12. Qa4 Qc7 13. Rac1 Qb7 14. b3 d5 15. exd5 cxd5 16. cxd5 Nxd5 17. Bf3 f5 18. Nxd5 Bxd5 19. Bxd5+ Qxd5 20. Rfd1 Qe6 21. Rc6 Rad8 22. Rdc1 Qd5 23. Qc4 Ba3 24. Re1 Qxc4 25. Rxc4 a5 26. Bc5 Bxc5 27. Rxc5 a4 28. bxa4 Rd2 29. Rcxe5 Rxa2 30. a5 Ra8 31. Rxf5 R2xa5 32. Rf3 Ra1 33. Rfe3 Rxe1+ 34. Rxe1 Ra2 35. g4 Kf7 36. Kg2 Kf6 37. Kg3 Ra3+ 38. f3 Rb3 39. h4 Ra3 40. Rb1 Rc3 41. Rb6+ Kf7 42. g5 Rc1 43. Rb7+ Kg6 44. Rb6+ Kf7 45. Rb7+ Kg6 46. Rb6+ Kf7 1/2-1/2

[Event "GRE-ch U16"]
[Site "Peristeri"]
[Date "2023.07.06"]
[Round "6"]
[White "Kamperidis, Charalampos"]
[Black "Koutras, Konstantinos"]
[Result "1/2-1/2"]
[WhiteElo "1310"]
[BlackElo "1692"]
[PlyCount "72"]
[EventDate "2023.07.03"]
[EventType "swiss"]
[EventRounds "9"]
[EventCountry "GRE"]
[SourceTitle "EXT 2024"]
[Source "ChessBase"]
[SourceDate "2023.10.10"]
[SourceVersion "1"]
[SourceVersionDate "2023.10.10"]
[SourceQuality "1"]

1. e4 c5 2. Nf3 Nc6 3. Bb5 g6 4. c3 Bg7 5. d4 cxd4 6. cxd4 Nf6 7. Nc3 d5 8. e5 Ne4 9. Bxc6+ bxc6 10. 0-0 Nxc3 11. bxc3 0-0 12. Bf4 Qa5 13. Qd2 Bf5 14. Nh4 Be6 15. Rfb1 Rab8 16. Rb2 Rb6 17. Rab1 Rfb8 18. Rxb6 Rxb6 19. Rxb6 axb6 20. Qb2 Bf8 21. a3 Bg4 22. f3 Bc8 23. g4 e6 24. Bc1 Ba6 25. Ng2 Be7 26. Kf2 Kf8 27. h4 Qa4 28. Bh6+ Ke8 29. Qxb6 Qb5 30. Qxb5 Bxb5 31. Bc1 Kd7 32. g5 Kc7 33. Ne3 c5 34. Ng4 c4 35. Nf6 Bxf6 36. gxf6 h5 1/2-1/2

[Event "GRE-ch U18"]
[Site "Kavala"]
[Date "2022.04.26"]
[Round "1"]
[White "Kamperidis, Charalampos"]
[Black "Papidakis, Georgios"]
[Result "0-1"]
[WhiteElo "1228"]
[BlackElo "2180"]
[PlyCount "80"]
[EventDate "2022.04.26"]
[EventType "swiss"]
[EventRounds "9"]
[EventCountry "GRE"]
[SourceTitle "CBM 208 Extra"]
[Source "ChessBase"]
[SourceDate "2022.07.31"]
[SourceVersion "1"]
[SourceVersionDate "2022.07.31"]
[SourceQuality "1"]

1. d4 Nf6 2. c4 e6 3. Nc3 Bb4 4. Qc2 d6 5. Nf3 Nbd7 6. Bg5 e5 7. dxe5 dxe5 8. a3 Bxc3+ 9. Qxc3 Qe7 10. e3 0-0 11. Be2 Re8 12. 0-0 Ne4 13. Bxe7 Nxc3 14. bxc3 Rxe7 15. Rfd1 g6 16. h3 b6 17. Nh2 Bb7 18. Ng4 Kg7 19. f3 h5 20. Nf2 h4 21. e4 Nc5 22. Nd3 Na4 23. Rac1 Rd8 24. Nb4 Rxd1+ 25. Bxd1 Nc5 26. Nd5 Rd7 27. Be2 c6 28. Ne3 Rd2 29. Bf1 Ra2 30. Nc2 Nb3 31. Rb1 Nd2 32. Nb4 Nxb1 33. Nxa2 Nxa3 34. g3 hxg3 35. Kg2 c5 36. Kxg3 Ba6 37. f4 Kf6 38. Kg4 Bxc4 39. Bxc4 Nxc4 40. f5 gxf5+ 0-1

[Event "GRE-chT Online Rapid op 1st"]
[Site "Tornelo INT"]
[Date "2021.02.21"]
[Round "6.35"]
[White "Kamperidis, Charalampos"]
[Black "Siokis, Loukas"]
[Result "0-1"]
[WhiteElo "1201"]
[BlackElo "1017"]
[PlyCount "62"]
[EventDate "2021.02.20"]
[EventType "team-swiss (rapid)"]
[EventRounds "9"]
[EventCountry "GRE"]
[SourceTitle "EXT 2023"]
[Source "ChessBase"]
[SourceDate "2022.10.05"]
[SourceVersion "1"]
[SourceVersionDate "2022.10.05"]
[SourceQuality "1"]

1. e4 e5 2. Nf3 Nc6 3. Bb5 a6 4. Ba4 b5 5. Bb3 Nf6 6. 0-0 Be7 7. Re1 d6 8. c3 0-0 9. h3 h6 10. d4 exd4 11. cxd4 d5 12. Bc2 dxe4 13. Bxe4 Nxe4 14. Rxe4 Bb7 15. Re2 Bf6 16. Be3 Ne7 17. Rd2 Nd5 18. Rd3 b4 19. Nbd2 a5 20. Ne4 Ba6 21. Rd2 Re8 22. Nxf6+ Qxf6 23. Ne5 Rad8 24. Rc1 Bb5 25. Rc5 c6 26. a4 bxa3 27. bxa3 a4 28. Rdc2 Nxe3 29. fxe3 Rxe5 30. Rxe5 Qxe5 31. Rc5 Qxc5 0-1

[Event "GRE-ch Online Blitz op 1st"]
[Site "Tornelo INT"]
[Date "2021.02.07"]
[Round "13"]
[White "Kamperidis, Charalampos"]
[Black "Amiridou, Dimitra"]
[Result "0-1"]
[WhiteElo "1309"]
[BlackElo "1804"]
[PlyCount "78"]
[EventDate "2021.02.07"]
[EventType "swiss (blitz)"]
[EventRounds "16"]
[EventCountry "GRE"]
[SourceTitle "EXT 2023"]
[Source "ChessBase"]
[SourceDate "2022.10.05"]
[SourceVersion "1"]
[SourceVersionDate "2022.10.05"]
[SourceQuality "1"]

1. e4 c5 2. Nf3 d6 3. Bb5+ Bd7 4. Bxd7+ Qxd7 5. 0-0 Nc6 6. d3 Nf6 7. c3 e6 8. h3 Be7 9. Be3 0-0 10. Nbd2 Rad8 11. Nc4 b5 12. Ncd2 a5 13. a3 d5 14. exd5 Nxd5 15. Qe2 Nxe3 16. fxe3 Qxd3 17. Qxd3 Rxd3 18. Rfe1 c4 19. Ne4 f5 20. Nf2 Rd7 21. Rad1 Rfd8 22. Nd4 Nxd4 23. exd4 Kf7 24. Nh1 Bf6 25. Ng3 g6 26. Ne2 e5 27. Kf2 exd4 28. cxd4 Bxd4+ 29. Nxd4 Rxd4 30. Ke2 Re8+ 31. Kf1 Rxd1 32. Rxd1 b4 33. axb4 axb4 34. Rd4 Rc8 35. Rd7+ Ke6 36. Rxh7 c3 37. bxc3 bxc3 38. Rh6 c2 39. Rxg6+ Ke5 0-1

[Event "GRE-ch Online Blitz op 1st"]
[Site "Tornelo INT"]
[Date "2021.02.07"]
[Round "5"]
[White "Kamperidis, Charalampos"]
[Black "Chasiotis, Odysseas"]
[Result "1-0"]
[WhiteElo "1309"]
[BlackElo "1013"]
[PlyCount "131"]
[EventDate "2021.02.07"]
[EventType "swiss (blitz)"]
[EventRounds "16"]
[EventCountry "GRE"]
[SourceTitle "EXT 2023"]
[Source "ChessBase"]
[SourceDate "2022.10.05"]
[SourceVersion "1"]
[SourceVersionDate "2022.10.05"]
[SourceQuality "1"]

1. e4 e5 2. Nf3 Nc6 3. Bb5 d6 4. c3 Bd7 5. 0-0 a6 6. Ba4 Nf6 7. Re1 Be7 8. d3 0-0 9. h3 Na7 10. Bc2 Nc6 11. Be3 Qc8 12. Kh2 Be6 13. d4 exd4 14. cxd4 d5 15. e5 Ne8 16. Nc3 Bf5 17. Rg1 Bxc2 18. Qxc2 Qe6 19. Ng5 Bxg5 20. Bxg5 Nxd4 21. Qd2 Qxe5+ 22. Bf4 Qf6 23. Nxd5 Nf3+ 24. gxf3 Qh4 25. Bg3 Qd8 26. Qc3 Qxd5 27. Bxc7 f6 28. Bg3 Qc6 29. Qxc6 bxc6 30. Rac1 Rc8 31. Rc5 f5 32. Rgc1 Rf6 33. Be5 Re6 34. f4 Nf6 35. f3 Kf7 36. Ra5 Ra8 37. Rac5 Rc8 38. R1c4 Nd5 39. Ra4 Ra8 40. Rac4 Rc8 41. Rxd5 cxd5 42. Rxc8 Rb6 43. Rc7+ Ke6 44. Rxg7 Rb4 45. Rxh7 Ra4 46. Rh6+ Kd7 47. a3 Ra5 48. Rf6 Rc5 49. Rxf5 Rc2+ 50. Kg3 Rd2 51. h4 Rd1 52. h5 Rh1 53. Bg7 Ke6 54. Rf6+ Ke7 55. h6 a5 56. Ra6 Rb1 57. Rxa5 Rg1+ 58. Kh2 Rb1 59. h7 Rxb2+ 60. Bxb2 d4 61. h8Q Ke6 62. Qg7 Kd6 63. Qf6+ Kc7 64. Ra7+ Kb8 65. Qb6+ Kc8 66. Qc7# 1-0

[Event "GRE-ch Online Blitz op 1st"]
[Site "Tornelo INT"]
[Date "2021.02.07"]
[Round "3"]
[White "Kamperidis, Charalampos"]
[Black "Papidakis, Georgios"]
[Result "0-1"]
[WhiteElo "1309"]
[BlackElo "1638"]
[PlyCount "62"]
[EventDate "2021.02.07"]
[EventType "swiss (blitz)"]
[EventRounds "16"]
[EventCountry "GRE"]
[SourceTitle "EXT 2023"]
[Source "ChessBase"]
[SourceDate "2022.10.05"]
[SourceVersion "1"]
[SourceVersionDate "2022.10.05"]
[SourceQuality "1"]

1. e4 e5 2. Nf3 Nc6 3. Bb5 g6 4. c3 a6 5. Bxc6 dxc6 6. d4 exd4 7. cxd4 Bg7 8. Be3 Ne7 9. Nc3 h6 10. 0-0 0-0 11. Qd2 g5 12. Ne1 f5 13. exf5 Nxf5 14. Nc2 Be6 15. Rad1 Bd5 16. Nxd5 Qxd5 17. a3 Rae8 18. Qc3 Nh4 19. f3 Kh8 20. Bf2 Ng6 21. Be3 Qf5 22. Qd3 Qf7 23. Bf2 Nf4 24. Qd2 Re2 25. Qc1 Nxg2 26. Kxg2 Qxf3+ 27. Kg1 Rxf2 28. Rxf2 Qxf2+ 29. Kh1 Qe2 30. Qd2 Rf1+ 31. Rxf1 Qxf1# 0-1

[Event "GRE-ch Online Blitz op 1st"]
[Site "Tornelo INT"]
[Date "2021.02.07"]
[Round "14"]
[White "Papakyriakou, Charalampos"]
[Black "Kamperidis, Charalampos"]
[Result "0-1"]
[WhiteElo "1179"]
[BlackElo "1309"]
[PlyCount "38"]
[EventDate "2021.02.07"]
[EventType "swiss (blitz)"]
[EventRounds "16"]
[EventCountry "GRE"]
[SourceTitle "EXT 2023"]
[Source "ChessBase"]
[SourceDate "2022.10.05"]
[SourceVersion "1"]
[SourceVersionDate "2022.10.05"]
[SourceQuality "1"]

1. e4 e6 2. d4 d5 3. exd5 exd5 4. Bd3 Bd6 5. Nf3 Ne7 6. c3 h6 7. Nbd2 0-0 8. 0-0 c6 9. Re1 Nd7 10. Nf1 Nf6 11. Ne5 Bxe5 12. dxe5 Nd7 13. Bf5 Nxf5 14. Qg4 Nb6 15. Ng3 Nxg3 16. Qxg3 Kh7 17. Qd3+ g6 18. Qh3 Bxh3 19. gxh3 Qh4 0-1

[Event "GRE-ch Online Rapid op 1st"]
[Site "Tornelo INT"]
[Date "2021.02.06"]
[Round "4"]
[White "Kamperidis, Charalampos"]
[Black "Stamatiou, Rodolfos"]
[Result "0-1"]
[WhiteElo "1187"]
[BlackElo "1836"]
[PlyCount "76"]
[EventDate "2021.02.06"]
[EventType "swiss (rapid)"]
[EventRounds "8"]
[EventCountry "GRE"]
[SourceTitle "EXT 2023"]
[Source "ChessBase"]
[SourceDate "2022.10.05"]
[SourceVersion "1"]
[SourceVersionDate "2022.10.05"]
[SourceQuality "1"]

1. e4 c5 2. Nf3 d6 3. Bb5+ Nd7 4. 0-0 a6 5. Bxd7+ Bxd7 6. c3 Nf6 7. Re1 e6 8. d4 Be7 9. h3 0-0 10. Bg5 cxd4 11. Nxd4 b5 12. Nd2 Qb6 13. N2f3 Rac8 14. e5 dxe5 15. Nxe5 Rfd8 16. Nxd7 Rxd7 17. Qf3 b4 18. Be3 Bc5 19. Ne2 Bxe3 20. Qxe3 Qxe3 21. fxe3 bxc3 22. Nxc3 Rd2 23. Rab1 h5 24. Red1 Rcd8 25. g3 Nh7 26. h4 Nf6 27. e4 Ng4 28. b4 Ne5 29. Rxd2 Rxd2 30. Rd1 Rc2 31. Rd8+ Kh7 32. Rc8 Nf3+ 33. Kf1 Nd2+ 34. Ke1 Nxe4 35. Nxe4 Rxc8 36. Nd6 Rc3 37. Nxf7 Rxg3 38. Ng5+ Kg6 0-1

[Event "GRE-ch Online Rapid op 1st"]
[Site "Tornelo INT"]
[Date "2021.02.06"]
[Round "5"]
[White "Kavvadias, Dimitrios"]
[Black "Kamperidis, Charalampos"]
[Result "0-1"]
[WhiteElo "1012"]
[BlackElo "1187"]
[PlyCount "108"]
[EventDate "2021.02.06"]
[EventType "swiss (rapid)"]
[EventRounds "8"]
[EventCountry "GRE"]
[SourceTitle "EXT 2023"]
[Source "ChessBase"]
[SourceDate "2022.10.05"]
[SourceVersion "1"]
[SourceVersionDate "2022.10.05"]
[SourceQuality "1"]

1. e4 e6 2. d4 d5 3. Nd2 Be7 4. Ngf3 c5 5. dxc5 Bxc5 6. Be2 Nf6 7. e5 Nfd7 8. Nb3 Bb6 9. 0-0 Nc6 10. Re1 Ncxe5 11. Nxe5 Nxe5 12. Bb5+ Bd7 13. Bxd7+ Nxd7 14. Bf4 0-0 15. Qg4 Qf6 16. c3 Qg6 17. Qxg6 hxg6 18. Rad1 Nc5 19. Bd6 Rfc8 20. Nxc5 Bxc5 21. Bxc5 Rxc5 22. Re3 Rac8 23. f4 Rc4 24. g3 b5 25. Rdd3 b4 26. cxb4 Rxb4 27. Rb3 Rc1+ 28. Kf2 Rc2+ 29. Re2 Rxe2+ 30. Kxe2 Rxb3 31. axb3 Kf8 32. Kd3 Ke7 33. Kd4 Kd6 34. b4 Kc6 35. Kc3 Kb5 36. Kb3 d4 37. g4 f6 38. h3 e5 39. fxe5 fxe5 40. g5 e4 41. Kc2 Kxb4 42. Kd2 Kb3 43. h4 Kxb2 44. h5 gxh5 45. g6 h4 46. Ke2 h3 47. Kf2 d3 48. Kf1 e3 49. Kg1 d2 50. Kh2 d1Q 51. Kg3 e2 52. Kh2 e1Q 53. Kxh3 Qg1 54. Kh4 Qdg4# 0-1